Thus I heard (Record no. 9244)
[ view plain ]
| 000 -LEADER | |
|---|---|
| fixed length control field | 00301nam a22001217a 4500 |
| 008 - FIXED-LENGTH DATA ELEMENTS--GENERAL INFORMATION | |
| fixed length control field | 230127b |||||||| |||| 00| 0 eng d |
| 020 ## - INTERNATIONAL STANDARD BOOK NUMBER | |
| International Standard Book Number | 978-99936-867-1-2 |
| 100 ## - MAIN ENTRY--PERSONAL NAME | |
| Personal name | Ngawang Phuntsho |
| 245 ## - TITLE STATEMENT | |
| Title | Thus I heard |
| Statement of responsibility, etc. | Ngawang Phuntsho |
| 260 ## - PUBLICATION, DISTRIBUTION, ETC. | |
| Name of publisher, distributor, etc. | Crowdpublished |
| 300 ## - PHYSICAL DESCRIPTION | |
| Extent | 108 p |
| Dimensions | 14.8cm |
| 942 ## - Added entry Elements (Koha) | |
| Source of classification or shelving scheme | Dewey Decimal Classification |
| Withdrawn status | Lost status | Source of classification or shelving scheme | Damaged status | Not for loan | Home library | Current library | Shelving location | Date acquired | Serial Enumeration / chronology | Barcode | Date last seen | Price effective from | Koha item type | Total Checkouts | Total Renewals | Date last checked out |
|---|---|---|---|---|---|---|---|---|---|---|---|---|---|---|---|---|
| Dewey Decimal Classification | RTC Library | RTC Library | Periodicals | 27/01/2023 | 176727 | 30017877 | 27/01/2023 | 27/01/2023 | Periodicals | |||||||
| Dewey Decimal Classification | RTC Library | RTC Library | Periodicals | 27/01/2023 | 176728 | 30017857 | 24/05/2023 | 27/01/2023 | Periodicals | 1 | 1 | 02/05/2023 | ||||
| Dewey Decimal Classification | RTC Library | RTC Library | Periodicals | 27/01/2023 | 176729 | 30017837 | 24/03/2023 | 27/01/2023 | Periodicals | 2 | 01/03/2023 |